[Event "Memorial P.Lezcano 2009 -Trofeo Cabildo"]
[Site "Gran Canaria ESP"]
[Date "2009.04.05"]
[Round "1.1"]
[White "Navarro Molina, David"]
[Black "Sanchez Quintero, Raul"]
[Result "1/2-1/2"]
[WhiteElo "1821"]
[BlackElo "2139"]
[PlyCount "146"]
[EventDate "2009.04.05"]
[EventType "tourn"]
[EventRounds "9"]
[EventCountry "ESP"]
[Source "lmi"]
[SourceDate "2009.04.05"]

1. d4 Nf6 2. Nf3 e6 3. c4 d5 4. Nc3 Bb4 5. a3 Bxc3+ 6. bxc3 Ne4 7. Qc2 c5 8. e3
Qa5 9. Bb2 cxd4 10. exd4 O-O 11. Bd3 Nf6 12. O-O dxc4 13. Bxc4 Bd7 14. Rfe1 Rc8
15. Ba2 Nc6 16. Qd3 Qh5 17. Ne5 Ng4 18. Nxd7 Qxh2+ 19. Kf1 Qh1+ 20. Ke2 Qxg2
21. Rf1 Rd8 22. Nc5 b6 23. Qe4 Qxe4+ 24. Nxe4 Rac8 25. Rac1 Nh6 26. f3 Nf5 27.
Kf2 Nce7 28. Rfd1 h5 29. a4 Ng6 30. Rc2 Rxd4 31. Rxd4 Nxd4 32. Rd2 Nc6 33. Ng5
Nf8 34. f4 Rd8 35. Rxd8 Nxd8 36. Ke3 Nd7 37. Bc4 Nc5 38. a5 Na4 39. Ba3 bxa5
40. Kd3 Nb6 41. Bb5 Nd5 42. Nh3 f6 43. Bc5 Nb6 44. c4 Kf7 45. Ke4 Nc8 46. Bd7
Ne7 47. Bxa7 Nb7 48. c5 Nd8 49. Ba4 Ndc6 50. Bb6 Kg6 51. Bb3 Kf7 52. Ba4 g6 53.
Bc7 Nd5 54. Bxc6 Nxc7 55. Kd4 Ke7 56. Be4 Kf7 57. c6 a4 58. Kc4 a3 59. Kb3 a2
60. Kxa2 f5 61. Bg2 Ke7 62. Kb3 Kd6 63. Ng5 Kc5 64. Kc3 h4 65. Nf3 h3 66. Bxh3
Nd5+ 67. Kd2 Kxc6 68. Ne5+ Kc5 69. Nxg6 Kd4 70. Ke2 Nb6 71. Kf3 Nc4 72. Bg2 e5
73. fxe5 Nxe5+ 1/2-1/2

[Event "Memorial P.Lezcano 2009 -Trofeo Cabildo"]
[Site "Gran Canaria ESP"]
[Date "2009.04.05"]
[Round "1.3"]
[White "Angel Acosta, Juan Carlos"]
[Black "Also Alvarado, Luis"]
[Result "1-0"]
[WhiteElo "2227"]
[BlackElo "2138"]
[PlyCount "69"]
[EventDate "2009.04.05"]
[EventType "tourn"]
[EventRounds "9"]
[EventCountry "ESP"]
[Source "lmi"]
[SourceDate "2009.04.05"]

1. d4 d5 2. Nf3 Nf6 3. c4 e6 4. Nc3 Nbd7 5. Bg5 Be7 6. e3 O-O 7. Bd3 c5 8. O-O
b6 9. cxd5 Nxd5 10. Bxe7 Qxe7 11. Nxd5 exd5 12. Qa4 c4 13. Be2 Bb7 14. b3 Rac8
15. bxc4 dxc4 16. Bxc4 Bxf3 17. gxf3 b5 18. Bxb5 Nb6 19. Qb3 Qg5+ 20. Kh1 Qh5
21. Be2 Rc6 22. Qb5 Qh6 23. Rac1 Rd6 24. Rc5 Rfd8 25. Rh5 Qg6 26. Bd3 Qf6 27.
Bxh7+ Kf8 28. Be4 g6 29. Re5 Qh4 30. f4 Kg7 31. Rg5 Nd5 32. Rg2 Nc3 33. Qe5+
Kg8 34. Bd3 Nxa2 35. Qa5 1-0

[Event "Memorial P.Lezcano 2009 -Trofeo Cabildo"]
[Site "Gran Canaria ESP"]
[Date "2009.04.05"]
[Round "1.4"]
[White "Menvielle Lacourrelle, Augusto"]
[Black "Camino Carrio, Nicanor"]
[Result "0-1"]
[WhiteElo "2262"]
[BlackElo "2169"]
[PlyCount "58"]
[EventDate "2009.04.05"]
[EventType "tourn"]
[EventRounds "9"]
[EventCountry "ESP"]
[Source "lmi"]
[SourceDate "2009.04.05"]

1. e4 c5 2. c3 d6 3. d4 Nf6 4. Bd3 g6 5. Nf3 Bg7 6. O-O O-O 7. h3 Nc6 8. d5 Ne5
9. Nxe5 dxe5 10. Nd2 e6 11. c4 Nh5 12. Nf3 Nf4 13. Be3 b6 14. Re1 exd5 15. cxd5
g5 16. Qd2 h5 17. Bf1 g4 18. hxg4 hxg4 19. Nxe5 Bxe5 20. Bxf4 Bd4 21. Be3 Be5
22. Rad1 f5 23. Bg5 Qd6 24. exf5 Bxf5 25. g3 Rae8 26. Bb5 Bd4 27. Be3 Rxe3 28.
Rxe3 Be4 29. Be2 Qh6 0-1

[Event "Memorial P.Lezcano 2009 -Trofeo Cabildo"]
[Site "Gran Canaria ESP"]
[Date "2009.04.05"]
[Round "1.5"]
[White "Alvarado Diaz, Alejandro"]
[Black "Ortega Hermida, Daniel"]
[Result "0-1"]
[WhiteElo "1787"]
[BlackElo "2404"]
[PlyCount "72"]
[EventDate "2009.04.05"]
[EventType "tourn"]
[EventRounds "9"]
[EventCountry "ESP"]
[Source "lmi"]
[SourceDate "2009.04.05"]

1. d4 Nf6 2. c4 c5 3. d5 b5 4. f3 b4 5. e4 d6 6. b3 g6 7. Bb2 Bg7 8. Bd3 O-O 9.
Ne2 a5 10. O-O e5 11. Nd2 Bh6 12. f4 Ng4 13. Rf3 exf4 14. Nxf4 Nd7 15. Bc2 Nde5
16. Bxe5 Nxe5 17. Rf1 Ng4 18. Qe2 Bg7 19. Rac1 Ne3 20. Rfe1 Bb2 21. Qxe3 Bd4
22. Qxd4 cxd4 23. Nf3 Bg4 24. Rf1 Bxf3 25. Rxf3 Qb6 26. Kh1 Rae8 27. Rd1 Re7
28. h3 Rfe8 29. Ne2 d3 30. Bxd3 f5 31. Bb1 fxe4 32. Rff1 e3 33. Rfe1 Rf8 34.
Nd4 Rf2 35. Kg1 Rd2 36. Ne2 Rf7 0-1

[Event "Memorial P.Lezcano 2009 -Trofeo Cabildo"]
[Site "Gran Canaria ESP"]
[Date "2009.04.06"]
[Round "2.1"]
[White "Sanchez Quintero, Raul"]
[Black "Ortega Hermida, Daniel"]
[Result "1-0"]
[WhiteElo "2139"]
[BlackElo "2404"]
[PlyCount "23"]
[EventDate "2009.04.05"]
[EventType "tourn"]
[EventRounds "9"]
[EventCountry "ESP"]
[Source "lmi"]
[SourceDate "2009.04.05"]

1. e4 c5 2. Nf3 e6 3. d3 Nc6 4. g3 d5 5. Nbd2 Bd6 6. Bg2 Nge7 7. O-O O-O 8. Re1
f6 9. exd5 Nxd5 10. Ne4 e5 11. Nfd2 b6 12. Nxf6+ 1-0

[Event "Memorial P.Lezcano 2009 -Trofeo Cabildo"]
[Site "Gran Canaria ESP"]
[Date "2009.04.06"]
[Round "2.2"]
[White "Camino Carrio, Nicanor"]
[Black "Alvarado Diaz, Alejandro"]
[Result "1-0"]
[WhiteElo "2169"]
[BlackElo "1787"]
[PlyCount "81"]
[EventDate "2009.04.05"]
[EventType "tourn"]
[EventRounds "9"]
[EventCountry "ESP"]
[Source "lmi"]
[SourceDate "2009.04.05"]

1. e4 Nf6 2. e5 Nd5 3. d4 d6 4. Nf3 g6 5. Bc4 Nb6 6. Bb3 Bg7 7. exd6 cxd6 8. h3
O-O 9. O-O Nc6 10. c3 Rb8 11. Re1 Qc7 12. Bg5 e5 13. Na3 a6 14. Qd2 Na5 15. Bh6
Nxb3 16. axb3 Re8 17. Bxg7 Kxg7 18. d5 h6 19. c4 Nd7 20. b4 f5 21. Rac1 Nf6 22.
c5 e4 23. Nd4 Qf7 24. cxd6 Qxd5 25. Rc5 Qf7 26. Rc7 Nd7 27. Nc4 Kg8 28. Qxh6
Qf6 29. Rd1 Rf8 30. Ne3 f4 31. Ng4 Qxd6 32. Rcc1 Qb6 33. Nc6 bxc6 34. Rd6 Kf7
35. Qxg6+ Ke7 36. Qe6+ Kd8 37. Rcxc6 Qb5 38. Ne5 Rb7 39. Ng6 Qg5 40. Nxf8 f3
41. g3 1-0

[Event "Memorial P.Lezcano 2009 -Trofeo Cabildo"]
[Site "Gran Canaria ESP"]
[Date "2009.04.06"]
[Round "2.3"]
[White "Also Alvarado, Luis"]
[Black "Menvielle Lacourrelle, Augusto"]
[Result "1-0"]
[WhiteElo "2138"]
[BlackElo "2262"]
[PlyCount "75"]
[EventDate "2009.04.05"]
[EventType "tourn"]
[EventRounds "9"]
[EventCountry "ESP"]
[Source "lmi"]
[SourceDate "2009.04.05"]

1. e4 e5 2. Nf3 Nc6 3. d4 exd4 4. Bc4 Nf6 5. e5 d5 6. Bb5 Ne4 7. Nxd4 Bd7 8.
Bxc6 bxc6 9. O-O Be7 10. f3 Nc5 11. f4 Ne4 12. Nd2 Nxd2 13. Bxd2 O-O 14. f5 c5
15. Ne2 Re8 16. Ng3 Bb5 17. f6 gxf6 18. Nh5 Kh8 19. Bh6 Rg8 20. exf6 Bxf1 21.
Qxf1 Bxf6 22. Qxf6+ Qxf6 23. Nxf6 Rg6 24. Bf4 Rb8 25. Be5 d4 26. Nd7+ f6 27.
Nxb8 fxe5 28. Nd7 Re6 29. Re1 e4 30. Nxc5 Rc6 31. b4 a5 32. a3 axb4 33. axb4
Rb6 34. Rxe4 Rxb4 35. Re8+ Kg7 36. Re7+ Kg6 37. Rxc7 Rc4 38. Ne6 1-0

[Event "Memorial P.Lezcano 2009 -Trofeo Cabildo"]
[Site "Gran Canaria ESP"]
[Date "2009.04.06"]
[Round "2.4"]
[White "Natalicchio Escalante, Nicolas"]
[Black "Angel Acosta, Juan Carlos"]
[Result "1-0"]
[WhiteElo "2246"]
[BlackElo "2227"]
[PlyCount "99"]
[EventDate "2009.04.05"]
[EventType "tourn"]
[EventRounds "9"]
[EventCountry "ESP"]
[Source "lmi"]
[SourceDate "2009.04.05"]

1. d4 Nf6 2. c4 e6 3. g3 c5 4. d5 exd5 5. cxd5 d6 6. Nc3 Be7 7. Bg2 O-O 8. Nf3
a6 9. a4 Nbd7 10. O-O Rb8 11. Rb1 Qc7 12. Bd2 Nb6 13. Be1 Bf5 14. Rc1 Qd7 15.
Nh4 Bg4 16. f3 Bh3 17. e4 Bxg2 18. Nxg2 Nc4 19. b3 Ne5 20. f4 Ng6 21. Qf3 Rfe8
22. Bd2 Bd8 23. Rfe1 b5 24. Re2 c4 25. bxc4 b4 26. Nd1 Qxa4 27. c5 dxc5 28. e5
Qb5 29. Nge3 Nd7 30. Nc4 Bc7 31. d6 Bd8 32. Nde3 a5 33. h4 Ngf8 34. Qg4 Ne6 35.
Nf5 Kh8 36. h5 a4 37. h6 g6 38. Ng7 Nb6 39. Nxe8 Nxc4 40. f5 Nd4 41. Rf2 Nxe5
42. Qe4 Qxe8 43. Kg2 gxf5 44. Qd5 Qe6 45. Rxc5 Qxd5+ 46. Rxd5 Nec6 47. Be3 Bf6
48. d7 b3 49. Rd6 b2 50. Rf1 1-0

[Event "Memorial P.Lezcano 2009 -Trofeo Cabildo"]
[Site "Gran Canaria ESP"]
[Date "2009.04.07"]
[Round "3.2"]
[White "Angel Acosta, Juan Carlos"]
[Black "Navarro Molina, David"]
[Result "1-0"]
[WhiteElo "2227"]
[BlackElo "1821"]
[PlyCount "95"]
[EventDate "2009.04.05"]
[EventType "tourn"]
[EventRounds "9"]
[EventCountry "ESP"]
[Source "lmi"]
[SourceDate "2009.04.05"]

1. d4 Nf6 2. Nf3 e6 3. c4 c5 4. Nc3 cxd4 5. Nxd4 a6 6. e3 Qc7 7. Be2 Be7 8. O-O
O-O 9. Bd2 b6 10. Rc1 Bb7 11. a3 d6 12. Be1 Nbd7 13. f3 Rad8 14. Bf2 Rfe8 15.
b4 Qb8 16. Qb3 Qa8 17. Rfd1 Bf8 18. a4 Ne5 19. Bg3 Ng6 20. Qa3 h5 21. a5 h4 22.
Bf2 bxa5 23. Qxa5 h3 24. Qg5 Be7 25. Qg3 hxg2 26. Nxe6 fxe6 27. Qxg6 Bxf3 28.
Rd4 Nh7 29. Qxe6+ Kh8 30. Bxf3 Qxf3 31. Rf4 Qh5 32. Qg4 Qe5 33. Re4 Qf6 34. Nd5
Qb2 35. Re1 Rf8 36. Qxg2 Bf6 37. Bg3 Ng5 38. Rg4 Qxg2+ 39. Kxg2 Ne6 40. Nxf6
Rxf6 41. Bh4 g5 42. Bg3 Rf7 43. Rd1 Rfd7 44. Re4 Ng7 45. Rd5 Nh5 46. Be1 Kh7
47. Rxg5 Rg7 48. Rxg7+ 1-0

[Event "Memorial P.Lezcano 2009 -Trofeo Cabildo"]
[Site "Gran Canaria ESP"]
[Date "2009.04.07"]
[Round "3.3"]
[White "Menvielle Lacourrelle, Augusto"]
[Black "Natalicchio Escalante, Nicolas"]
[Result "0-1"]
[WhiteElo "2262"]
[BlackElo "2246"]
[PlyCount "140"]
[EventDate "2009.04.05"]
[EventType "tourn"]
[EventRounds "9"]
[EventCountry "ESP"]
[Source "lmi"]
[SourceDate "2009.04.05"]

1. e4 c5 2. Nf3 d6 3. c3 Nf6 4. Bd3 Nc6 5. O-O Bg4 6. h3 Bh5 7. Re1 e5 8. Bc2
Be7 9. d3 O-O 10. Nbd2 d5 11. Ba4 dxe4 12. dxe4 Rc8 13. Qe2 a6 14. g4 b5 15.
Bc2 Bg6 16. Nh4 Nd7 17. Nxg6 fxg6 18. Nf1 Bh4 19. Ng3 Qe7 20. a4 c4 21. b3 b4
22. Be3 bxc3 23. Red1 cxb3 24. Bxb3+ Kh8 25. Rac1 Nd4 26. Bxd4 exd4 27. Rxd4
Bxg3 28. fxg3 Qc5 29. Qe3 Ne5 30. Kg2 Qa3 31. Bd1 Nc4 32. Rxc4 Rxc4 33. e5 Qe7
34. Rxc3 Rxc3 35. Qxc3 Re8 36. Be2 Qe6 37. g5 Qxe5 38. Qxe5 Rxe5 39. Bxa6 Rxg5
40. Kf3 Kg8 41. h4 Ra5 42. Bb5 Kf7 43. Ke4 Ke6 44. g4 Kd6 45. h5 gxh5 46. gxh5
Ra7 47. Kd4 g5 48. hxg6 hxg6 49. Ke4 Rf7 50. Bd3 g5 51. a5 g4 52. Be2 g3 53.
Bf3 Rg7 54. a6 g2 55. a7 Re7+ 56. Kf4 Rf7+ 57. Ke4 g1=Q 58. a8=Q Qe1+ 59. Kd3
Qb1+ 60. Kd2 Qb4+ 61. Ke3 Re7+ 62. Be4 Qc3+ 63. Ke2 Qc4+ 64. Ke3 Qb3+ 65. Ke2
Qb5+ 66. Ke3 Qb6+ 67. Kd3 Kc7 68. Qa4 Qb1+ 69. Ke3 Qe1+ 70. Kf4 Qf2+ 0-1

[Event "Memorial P.Lezcano 2009 -Trofeo Cabildo"]
[Site "Gran Canaria ESP"]
[Date "2009.04.07"]
[Round "3.5"]
[White "Ortega Hermida, Daniel"]
[Black "Camino Carrio, Nicanor"]
[Result "1/2-1/2"]
[WhiteElo "2404"]
[BlackElo "2169"]
[PlyCount "62"]
[EventDate "2009.04.05"]
[EventType "tourn"]
[EventRounds "9"]
[EventCountry "ESP"]
[Source "lmi"]
[SourceDate "2009.04.05"]

1. d4 d5 2. c4 c6 3. Nf3 Nf6 4. e3 a6 5. Bd3 e6 6. Nbd2 c5 7. dxc5 Bxc5 8. a3
dxc4 9. Nxc4 O-O 10. b4 Ba7 11. O-O b5 12. Nd6 Nc6 13. Bb2 Bd7 14. Rc1 Qe7 15.
Ng5 e5 16. Nf5 Qd8 17. Qf3 Rc8 18. Rfd1 g6 19. Bb1 Nd4 20. exd4 Rxc1 21. Bxc1
gxf5 22. dxe5 Ng4 23. Nh3 Qc8 24. Bb2 Be6 25. Qf4 h6 26. Qd2 Bb6 27. Qc3 Qxc3
28. Bxc3 Rc8 29. Bb2 Rc4 30. Bd3 Rc8 31. Bb1 Rc4 1/2-1/2

[Event "Memorial P.Lezcano 2009 -Trofeo Cabildo"]
[Site "Gran Canaria ESP"]
[Date "2009.04.08"]
[Round "4.1"]
[White "Sanchez Quintero, Raul"]
[Black "Camino Carrio, Nicanor"]
[Result "1-0"]
[WhiteElo "2139"]
[BlackElo "2169"]
[PlyCount "45"]
[EventDate "2009.04.05"]
[EventType "tourn"]
[EventRounds "9"]
[EventCountry "ESP"]
[Source "lmi"]
[SourceDate "2009.04.05"]

1. e4 c5 2. Nf3 d6 3. d4 cxd4 4. Nxd4 Nf6 5. Nc3 g6 6. f3 Bg7 7. Be3 O-O 8. Qd2
Nc6 9. O-O-O d5 10. Nxc6 bxc6 11. Bh6 Be6 12. Bxg7 Kxg7 13. h4 dxe4 14. Qg5 h6
15. Rxd8 hxg5 16. Rxa8 Rxa8 17. hxg5 Nh7 18. Nxe4 Rc8 19. f4 c5 20. c4 Nf8 21.
Be2 Bf5 22. Nc3 Ne6 23. g4 1-0

[Event "Memorial P.Lezcano 2009 -Trofeo Cabildo"]
[Site "Gran Canaria ESP"]
[Date "2009.04.08"]
[Round "4.4"]
[White "Navarro Molina, David"]
[Black "Menvielle Lacourrelle, Augusto"]
[Result "0-1"]
[WhiteElo "1821"]
[BlackElo "2262"]
[PlyCount "122"]
[EventDate "2009.04.05"]
[EventType "tourn"]
[EventRounds "9"]
[EventCountry "ESP"]
[Source "lmi"]
[SourceDate "2009.04.05"]

1. d4 f5 2. c4 Nf6 3. Nf3 g6 4. g3 Bg7 5. Bg2 O-O 6. O-O d6 7. Nc3 Qe8 8. Qb3
c6 9. Rd1 Na6 10. Qa3 Nc7 11. d5 Bd7 12. Rb1 a6 13. Qa5 Rc8 14. Na4 cxd5 15.
Nb6 dxc4 16. Nxc8 Qxc8 17. b3 Ne4 18. bxc4 Nc3 19. Bb2 Nxd1 20. Bxg7 Kxg7 21.
Rxd1 Ne6 22. Qc3+ Kg8 23. Nd4 Nc5 24. e3 Qc7 25. h4 Ne4 26. Qb3 Nc5 27. Qb2 Rc8
28. h5 Ne4 29. h6 e5 30. Nf3 Bc6 31. Qb4 Qe7 32. Ne1 Rd8 33. Nd3 Qf8 34. Qb6
Re8 35. Nb4 Rc8 36. Nxc6 bxc6 37. Qxa6 Nc5 38. Qb6 e4 39. Qa7 Rd8 40. Qc7 Nd3
41. Qxc6 Qxh6 42. Bf1 Ne5 43. Qd5+ Kh8 44. Qxe5+ dxe5 45. Rxd8+ Kg7 46. c5 f4
47. c6 fxg3 48. fxg3 Qxe3+ 49. Kh2 Qc5 50. Rd7+ Kf6 51. c7 e3 52. Ba6 Qc2+ 53.
Kg1 Qb1+ 54. Kh2 Qxa2+ 55. Kg1 Qxa6 56. Rd6+ Qxd6 57. c8=Q Kg5 58. Qh3 Qd1+ 59.
Kg2 Qd5+ 60. Kg1 Qd4 61. Kf1 e2+ 0-1

[Event "Memorial P.Lezcano 2009 -Trofeo Cabildo"]
[Site "Gran Canaria ESP"]
[Date "2009.04.09"]
[Round "5.1"]
[White "Angel Acosta, Juan Carlos"]
[Black "Sanchez Quintero, Raul"]
[Result "0-1"]
[WhiteElo "2227"]
[BlackElo "2139"]
[PlyCount "116"]
[EventDate "2009.04.05"]
[EventType "tourn"]
[EventRounds "9"]
[EventCountry "ESP"]
[Source "lmi"]
[SourceDate "2009.04.05"]

1. d4 Nf6 2. Nf3 d5 3. c4 dxc4 4. Qa4+ c6 5. Qxc4 Bf5 6. Nc3 h6 7. g3 e6 8. Bg2
Be7 9. h3 Nbd7 10. O-O O-O 11. e3 Rc8 12. Qe2 Ne4 13. Ne1 Ndf6 14. Nd3 c5 15.
Nxe4 Nxe4 16. Nxc5 Nxc5 17. e4 Nxe4 18. Bxe4 Bxe4 19. Qxe4 Rc7 20. Bd2 Rd7 21.
Bc3 Bf6 22. Rad1 Rd5 23. Rd2 Qb6 24. Rfd1 Rfd8 25. Qc2 g6 26. Qe4 Kg7 27. h4
Qa6 28. a3 Qc4 29. Kg2 e5 30. Rd3 exd4 31. Bd2 Qc6 32. Rf3 Rf5 33. Qxc6 bxc6
34. Rxf5 gxf5 35. Rc1 Rd6 36. b3 Re6 37. Kf3 h5 38. Rc5 d3 39. Be3 Rd6 40. Bd2
Kg6 41. Ra5 Bd4 42. Ra4 c5 43. Rc4 Re6 44. Bc3 Bxc3 45. Rxc3 Rd6 46. Rc1 d2 47.
Rd1 Rd3+ 48. Kf4 Kf6 49. a4 a5 50. f3 Ke6 51. Kg5 f6+ 52. Kf4 Kd5 53. g4 fxg4
54. fxg4 hxg4 55. Kxg4 Kd4 56. h5 Kc3 57. h6 Kc2 58. h7 Rd8 0-1

[Event "Memorial P.Lezcano 2009 -Trofeo Cabildo"]
[Site "Gran Canaria ESP"]
[Date "2009.04.09"]
[Round "5.3"]
[White "Alvarado Diaz, Alejandro"]
[Black "Navarro Molina, David"]
[Result "1-0"]
[WhiteElo "1787"]
[BlackElo "1821"]
[PlyCount "61"]
[EventDate "2009.04.05"]
[EventType "tourn"]
[EventRounds "9"]
[EventCountry "ESP"]
[Source "lmi"]
[SourceDate "2009.04.05"]

1. Nf3 Nf6 2. g3 e6 3. Bg2 c5 4. d3 Nc6 5. e4 d6 6. Nc3 a6 7. a4 Be7 8. O-O O-O
9. Nd2 d5 10. f4 d4 11. Ncb1 Rb8 12. g4 Ne8 13. g5 e5 14. Nf3 f6 15. gxf6 Nxf6
16. f5 b5 17. axb5 axb5 18. c3 Qb6 19. Kh1 Ba6 20. Ng5 Nd8 21. h4 Bd6 22. Nd2
Nf7 23. Ndf3 Qc6 24. cxd4 exd4 25. e5 Nh5 26. exd6 Ng3+ 27. Kg1 Nxf1 28. Qxf1
Qxd6 29. Nxf7 Rxf7 30. Ng5 Qf6 31. Bd5 1-0

[Event "Memorial P.Lezcano 2009 -Trofeo Cabildo"]
[Site "Gran Canaria ESP"]
[Date "2009.04.09"]
[Round "5.4"]
[White "Ortega Hermida, Daniel"]
[Black "Natalicchio Escalante, Nicolas"]
[Result "1/2-1/2"]
[WhiteElo "2404"]
[BlackElo "2246"]
[PlyCount "26"]
[EventDate "2009.04.05"]
[EventType "tourn"]
[EventRounds "9"]
[EventCountry "ESP"]
[Source "lmi"]
[SourceDate "2009.04.05"]

1. d4 Nf6 2. Nf3 c5 3. d5 b5 4. c4 b4 5. Nbd2 d6 6. e4 g6 7. g3 Bg7 8. Bg2 Bg4
9. Qa4+ Qd7 10. Qxd7+ Nbxd7 11. h3 Bxf3 12. Bxf3 a5 13. a4 h5 1/2-1/2

[Event "Memorial P.Lezcano 2009 -Trofeo Cabildo"]
[Site "Gran Canaria ESP"]
[Date "2009.04.09"]
[Round "6.2"]
[White "Natalicchio Escalante, Nicolas"]
[Black "Camino Carrio, Nicanor"]
[Result "1/2-1/2"]
[WhiteElo "2246"]
[BlackElo "2169"]
[PlyCount "23"]
[EventDate "2009.04.05"]
[EventType "tourn"]
[EventRounds "9"]
[EventCountry "ESP"]
[Source "lmi"]
[SourceDate "2009.04.05"]

1. e4 c5 2. Nf3 d6 3. d4 cxd4 4. Nxd4 Nf6 5. Nc3 a6 6. Bg5 e6 7. f4 Qc7 8. Qf3
Bd7 9. O-O-O Nc6 10. Nb3 Be7 11. Bh4 Rc8 12. Kb1 1/2-1/2

[Event "Memorial P.Lezcano 2009 -Trofeo Cabildo"]
[Site "Gran Canaria ESP"]
[Date "2009.04.09"]
[Round "6.3"]
[White "Navarro Molina, David"]
[Black "Ortega Hermida, Daniel"]
[Result "0-1"]
[WhiteElo "1821"]
[BlackElo "2404"]
[PlyCount "84"]
[EventDate "2009.04.05"]
[EventType "tourn"]
[EventRounds "9"]
[EventCountry "ESP"]
[Source "lmi"]
[SourceDate "2009.04.05"]

1. d4 Nf6 2. Nf3 g6 3. c4 Bg7 4. Nc3 O-O 5. e4 c5 6. Be2 d6 7. O-O Nc6 8. d5
Na5 9. Rb1 e5 10. dxe6 Bxe6 11. b3 Nc6 12. Bb2 Re8 13. h3 Qa5 14. Qxd6 Rad8 15.
Qf4 Nd4 16. Nxd4 cxd4 17. Nb5 Nxe4 18. Qxe4 Bxc4 19. Qxe8+ Rxe8 20. Bxc4 Rd8
21. Rbd1 a6 22. Na3 Bf8 23. Nb1 b5 24. b4 Bxb4 25. Bb3 Qb6 26. Rd3 a5 27. Rfd1
Bc5 28. a3 a4 29. Ba2 b4 30. axb4 Qxb4 31. Ba3 Qb6 32. Bxc5 Qxc5 33. Nc3 a3 34.
Nb1 Rb8 35. Rxd4 Rb2 36. R4d2 Qa5 37. g3 Qh5 38. Kg2 Rxa2 39. Rd5 Qe2 40. Rd8+
Kg7 41. Rf1 Ra1 42. Rb8 a2 0-1

[Event "Memorial P.Lezcano 2009 -Trofeo Cabildo"]
[Site "Gran Canaria ESP"]
[Date "2009.04.09"]
[Round "6.5"]
[White "Angel Acosta, Juan Carlos"]
[Black "Menvielle Lacourrelle, Augusto"]
[Result "0-1"]
[WhiteElo "2227"]
[BlackElo "2262"]
[PlyCount "134"]
[EventDate "2009.04.05"]
[EventType "tourn"]
[EventRounds "9"]
[EventCountry "ESP"]
[Source "lmi"]
[SourceDate "2009.04.05"]

1. d4 Nf6 2. c4 g6 3. Nf3 Bg7 4. g3 O-O 5. Bg2 d6 6. O-O Nc6 7. d5 Na5 8. Qa4
c5 9. Bd2 b6 10. Bc3 Bd7 11. Qc2 b5 12. cxb5 Bxb5 13. Na3 a6 14. Rad1 Qc7 15.
Rfe1 Rad8 16. b3 Rfe8 17. Qb2 Nh5 18. e4 Bxc3 19. Qxc3 e5 20. Nc2 Rf8 21. Ne3
Rde8 22. Nh4 Nb7 23. Bf3 Ng7 24. Qc2 Kh8 25. a4 Bd7 26. Be2 a5 27. Bd3 f6 28.
Qd2 f5 29. Nc4 f4 30. Qc2 Qd8 31. f3 Nh5 32. Qf2 fxg3 33. hxg3 Qg5 34. Kh2 Rf7
35. Bf1 Ref8 36. Bh3 Bg4 37. Bxg4 Qxg4 38. Rd3 Qg5 39. Qg2 Nf4 40. Qd2 Qh5 41.
Kg1 Nxd3 42. Qxd3 Qg5 43. Kg2 Kg7 44. Qe3 h6 45. Rg1 Qxe3 46. Nxe3 h5 47. Nc4
Rf6 48. Kf2 Ra8 49. Ke3 Nd8 50. f4 Nf7 51. Nf3 Nh6 52. Ng5 Ng4+ 53. Kd3 Kh6 54.
Ne6 Rb8 55. Nxa5 Rb4 56. Rf1 exf4 57. gxf4 Ne5+ 58. Kc3 Rxe4 59. Nb7 Re3+ 60.
Kc2 Nd3 61. Kd2 Rg3 62. Nxd6 Nb4 63. Ne4 Rg2+ 64. Ke3 Nxd5+ 65. Kf3 Rxe6 66.
Nxc5 Rc6 67. Rc1 Rg4 0-1

[Event "Memorial P.Lezcano 2009 -Trofeo Cabildo"]
[Site "Gran Canaria ESP"]
[Date "2009.04.10"]
[Round "7.1"]
[White "Menvielle Lacourrelle, Augusto"]
[Black "Sanchez Quintero, Raul"]
[Result "1/2-1/2"]
[WhiteElo "2262"]
[BlackElo "2139"]
[PlyCount "89"]
[EventDate "2009.04.05"]
[EventType "tourn"]
[EventRounds "9"]
[EventCountry "ESP"]
[Source "lmi"]
[SourceDate "2009.04.05"]

1. e4 e5 2. Nf3 Nc6 3. Bb5 a6 4. Ba4 Nf6 5. O-O b5 6. Bb3 Be7 7. Re1 O-O 8. h3
d6 9. c3 Na5 10. Bc2 c5 11. d4 Qc7 12. Nbd2 cxd4 13. cxd4 Nc6 14. Nb3 a5 15.
Be3 a4 16. Nbd2 Nb4 17. Bb1 Bb7 18. d5 Rfc8 19. Qe2 Ba6 20. Nf1 Nc2 21. Rc1
Nxa1 22. Rxc7 Rxc7 23. Bd3 a3 24. bxa3 Rac8 25. a4 Nc2 26. axb5 Nxe3 27. fxe3
Bxb5 28. Bxb5 Rc2 29. N3d2 Rxa2 30. Qd3 Rc1 31. Kh2 h5 32. Qb3 Rcc2 33. Qd3 h4
34. Bc4 Rab2 35. Bb3 Rc1 36. Qa6 Nxe4 37. Qa3 Rbb1 38. Nxb1 Rxf1 39. g4 Bg5 40.
Qa8+ Kh7 41. Qa4 Ng3 42. Bc2+ g6 43. Nc3 Rf2+ 44. Kg1 Bxe3 45. Nd1 1/2-1/2

[Event "Memorial P.Lezcano 2009 -Trofeo Cabildo"]
[Site "Gran Canaria ESP"]
[Date "2009.04.10"]
[Round "7.2"]
[White "Alvarado Diaz, Alejandro"]
[Black "Angel Acosta, Juan Carlos"]
[Result "1/2-1/2"]
[WhiteElo "1787"]
[BlackElo "2227"]
[PlyCount "139"]
[EventDate "2009.04.05"]
[EventType "tourn"]
[EventRounds "9"]
[EventCountry "ESP"]
[Source "lmi"]
[SourceDate "2009.04.05"]

1. d4 Nf6 2. c4 e6 3. Nc3 Bb4 4. Qb3 c5 5. dxc5 Na6 6. a3 Bxc5 7. e3 b6 8. Nf3
Bb7 9. Be2 O-O 10. O-O Be7 11. Rd1 Nc5 12. Qa2 Nce4 13. Nxe4 Nxe4 14. Nd2 f5
15. f3 Nc5 16. Nb3 Nxb3 17. Qxb3 Qc7 18. Bd2 Rf6 19. Be1 Bd6 20. Rxd6 Qxd6 21.
Rd1 Qc6 22. Bg3 Rf7 23. Rd6 Qc5 24. Qd3 f4 25. Bf2 Bd5 26. Rxd5 exd5 27. exf4
Qd6 28. g3 Rc8 29. cxd5 Qf6 30. Bd4 Qf5 31. Bc3 Qxd3 32. Bxd3 d6 33. Kf2 Rxc3
34. bxc3 Rc7 35. c4 b5 36. cxb5 Rc3 37. Ke3 Rxa3 38. h4 Kf7 39. h5 h6 40. g4
Kf6 41. Kd4 Ra4+ 42. Ke3 Ke7 43. f5 Kf6 44. f4 Ra1 45. Be2 Rc1 46. Bd3 Rg1 47.
Be2 Rh1 48. Bf3 Rh2 49. Be2 Ke7 50. Bf3 Rc2 51. Be2 Rc8 52. Kd4 Re8 53. Bd3 Kf6
54. Be4 Re7 55. Ke3 Rc7 56. Bd3 Rc1 57. Be2 Ke7 58. Bd3 Rg1 59. Be2 Kd8 60. Kf2
Rc1 61. Ke3 Rc7 62. Bd3 Rf7 63. Be2 Kc7 64. Bd3 Kd8 65. Kd4 Ke7 66. Ke3 Kf6 67.
Kd4 Rc7 68. Ke3 Rc1 69. Be2 Rg1 70. Bf3 1/2-1/2

[Event "Memorial P.Lezcano 2009 -Trofeo Cabildo"]
[Site "Gran Canaria ESP"]
[Date "2009.04.11"]
[Round "8.4"]
[White "Angel Acosta, Juan Carlos"]
[Black "Ortega Hermida, Daniel"]
[Result "1/2-1/2"]
[WhiteElo "2227"]
[BlackElo "2404"]
[PlyCount "58"]
[EventDate "2009.04.05"]
[EventType "tourn"]
[EventRounds "9"]
[EventCountry "ESP"]
[Source "lmi"]
[SourceDate "2009.04.05"]

1. d4 Nf6 2. c4 g6 3. Nf3 Bg7 4. Nc3 O-O 5. g3 d6 6. Bg2 c6 7. h3 Qa5 8. O-O
Be6 9. d5 cxd5 10. Nd4 dxc4 11. Nxe6 fxe6 12. Bxb7 Nbd7 13. Bxa8 Rxa8 14. Qd4
d5 15. Qh4 Nc5 16. Bh6 Bxh6 17. Qxh6 d4 18. Nb1 Nfe4 19. Na3 Qa6 20. Qc1 c3 21.
Qc2 Rb8 22. Rab1 Nd2 23. bxc3 Nxb1 24. Rxb1 Rxb1+ 25. Nxb1 Qc4 26. Qd1 Ne4 27.
Qxd4 Qxe2 28. Kg2 Qe1 29. Na3 Nxc3 1/2-1/2